| 000 | 00918cam a2200193 4500 | ||
|---|---|---|---|
| 001 | WB3946-06 | ||
| 008 | 031202n2003 000 0 eng u | ||
| 035 | _a(Sirsi) u124551 | ||
| 245 | _aService sector hopeful of upturn | ||
| 260 | _c2003 | ||
| 490 |
_aCBI News Release _v 28 November 2003 (3) |
||
| 520 | _aThe latest quarterly survey by the CBI and Grant Thornton shows confidence increasing for the first time since May 2002 among consumer services firms, such as hotels restaurants.Confidence also rose for the second successive quarter among business and professional services firms such as computer consultants and employment agencies. http://www.cbi.org.uk/ndbs/press.nsf/0363c1f07c6ca12a8025671c00381cc7/d985b32c820655ba80256de5003eebf8?OpenDocument. | ||
| 590 | _aWB | ||
| 650 | _aSERVICE SECTOR | ||
| 650 | _aBUSINESS CONFIDENCE | ||
| 650 | _aSTATISTICS | ||
| 690 | _aECONOMIC ISSUES | ||
| 942 | _n0 | ||
| 999 |
_c73914 _d73914 |
||